000 00756nam a2200229 i 4500
001 36695
003 ES-MaACL
005 20251013210920.0
007 t|
008 030219s1973 sp ||||1| spa d
100 1 _aBoury-Heyler, Claudine.
_931029
245 1 0 _aFisiología ginecológica /
_cpor Cl. Boury-Heyler, Jean Cohen ; prefacio R. Merger ; prólogo y versión Jaime García Orcoyen.
250 _a1ª ed.
260 _aBarcelona :
_bToray Masson,
_c[1973]
300 _a139 p. :
_bil. ;
_c26 cm.
650 0 4 _aAparato genital femenino.
_99908
700 1 _aGarcía Orcoyen, Jaime.
_955051
700 1 _aMerger, Robert.
_9151120
700 1 _aCohen, Jean,
_d1929-
_9152747
852 _aES-MaACL
_jE-8538
_bR.93020
999 _c36695
_d36695